| 000 | 00404nam a22001697a 4500 | ||
|---|---|---|---|
| 003 | CEME | ||
| 005 | 20210628205814.0 | ||
| 008 | 210317b xxu||||| |||| 00| 0 eng d | ||
| 040 | _c. | ||
| 082 | _a891.4393 INS | ||
| 100 |
_aIbne-E-Inshah _977068 |
||
| 245 | _aKhumar-e-gandum | ||
| 260 |
_aLAHORE _bLAHORE ACADEMY _c1995 |
||
| 300 | _a304P | ||
| 650 |
_aURDU ADAB-FICTIONS _965572 |
||
| 942 |
_cBK _2ddc |
||
| 999 |
_c582413 _d582413 |
||